000 00838nam a22002417a 4500
999 _c13258
_d13258
003 AR-CdUCM
008 190411b ||||| |||| 00| 0 spa d
040 _aMUNICIPALIDAD PROVINCIAL DEL CUSCO
_cBIBLIOTECA MUNICIPAL DEL CUSCO
082 _aC / 344 .07 /
_bC33
100 _aCastañeda Sánchez, Miguel G.
_98703
245 _aDerecho penal peruano II /
260 _aCusco :
_bLa amistad,
_c1982.
300 _a269 paginas ;
_c20 cm
505 _aContenido : t.1: Elementos del derecho penal -- Delito de homicidio -- Homicidio calificado -- Aborto consentido -- Delito de lesiones...
650 _aLesiones
_931574
650 _aAgresiones
_931575
650 _aProblemas
_99246
650 _aRiña compleja
_931576
650 _aAsesinato
_910439
710 _aUNSAAC
_96777
942 _2ddc
_cLIBROS
945 _awnts
_d2019-04-11